Šťastie ako pojem v ekonómii – a jeho meranie

Šťastie je len jednou z mnohých emócii, ktoré ľudia prežívajú v určitom okamihu, no je odlišné od hodnotenia spokojnosti človeka so životom všeobecne. Vnímanie šťastia v ekonomickej teórii a “meranie šťastia” špecializovaným indexom.

Gespeichert in:
Bibliographische Detailangaben
1. Verfasser: Francisti, Ivan, 1997-
Format: Buchkapitel
Sprache:Slowakisch
Schlagworte:
Tags: Tag hinzufügen
Keine Tags, Fügen Sie das erste Tag hinzu!

MARC

LEADER 00000naa a2200000 4500
001 0280614
005 20240502074345.2
041 0 |a slo 
044 |a SK 
245 1 0 |a Šťastie ako pojem v ekonómii – a jeho meranie  |c Ivan Francisti 
520 |a Šťastie je len jednou z mnohých emócii, ktoré ľudia prežívajú v určitom okamihu, no je odlišné od hodnotenia spokojnosti človeka so životom všeobecne. Vnímanie šťastia v ekonomickej teórii a “meranie šťastia” špecializovaným indexom. 
610 2 0 |a emócie 
610 2 0 |a indexy 
610 2 0 |a blahobyt 
610 2 0 |a meranie 
100 1 |a Francisti, Ivan, 1997-